| 000 | 02503cam a22005294i 4500 | ||
|---|---|---|---|
| 003 | PE-LiUPU | ||
| 005 | 20250731173032.0 | ||
| 008 | 150623s r 000 0 d | ||
| 020 | _a0925675083 | ||
| 035 | _a(Sirsi) i9780925675088 | ||
| 040 |
_aPE-LiUPU _bspa _cPE-LiUPU _erda |
||
| 049 | _aPRUA | ||
| 082 | 0 | 4 |
_a286.733 43 _bK79 _221 |
| 100 | 1 |
_aKramer, Helmut H., _eautor. |
|
| 245 | 1 | 4 |
_aThe Seventh-day Adventist reform movement : _b(German Reform) / _cHelmut H. Kramer. |
| 264 | 1 |
_aHagerstown, Maryland : _bReview and Herald Publishing Association, _c1990. |
|
| 300 |
_a89 páginas ; _c22 centímetros |
||
| 336 |
_atext _2rdacontent |
||
| 337 |
_aunmediated _2rdamedia |
||
| 338 |
_avolume _2rdacarrier |
||
| 504 | _aBibliografía al final de algunas páginas. | ||
| 505 | 0 | _aWhoare these reformers? -Origin of the Seventh-day Adventist Reform mmovement. -History of the Seventh-day Adventist Reform movement. -One Man's pilgrimage from Sinai to Calvary. -Mistaken concepts. -Divergent doctrines. -The wheat and tares. | |
| 526 | _aSEG42 | ||
| 526 | _aSEG41 | ||
| 526 | _aSEG40 | ||
| 526 | _aSEG39 | ||
| 526 | _aP94 | ||
| 526 | _aP87 | ||
| 526 | _aP86 | ||
| 526 | _aP85 | ||
| 526 | _aP77 | ||
| 526 | _aP76 | ||
| 526 | _aP35 | ||
| 541 | _g005-003288; | ||
| 610 | 2 |
_aIASD _xMovimiento de Reforma _zAlemania. |
|
| 942 |
_2ddc _cBOOK |
||
| 949 |
_a286.733 43 K79 _wDEWEY _c1 _i48193 _f2017-2-15 _g1 _lCCODEBUL1 _mBUL _r0 _sY _tBOOK _u2015-6-24 _xTEOLOGIA _PP35 _0COMPRA _o.STAFF. Colección General |
||
| 949 |
_a286.733 43 K79 _wDEWEY _c2 _i38014 _f2017-2-15 _g1 _lCCODEBUL1 _mBUL _r0 _sY _tBOOK _u2015-6-24 _xTEOLOGIA _PP35 _0COMPRA _o.STAFF. Colección General |
||
| 949 |
_a286.733 43 K79 _wDEWEY _c3 _i58692 _lCIA _mBWL _p6.00 _r1 _sY _tBOOK _u2015-6-24 _xWHITE _zUNKNOWN _0COMPRA _o.STAFF. Colección General |
||
| 994 |
_aC0 _bPEPRU |
||
| 596 | _a1 4 | ||
| 999 |
_a286.733 43 K79 _wDEWEY _c25168 _i48193 _d25168 _f2021-11-11 _g5 _lCCODEBUL1 _mBUL _q1 _r0 _sY _tBOOK _u2015-6-24 _xTEOLOGIA _PP35 _0COMPRA _o.STAFF. Colección General |
||
| 999 |
_a286.733 43 K79 _wDEWEY _c2 _i38014 _d2019-5-28 _f2021-11-11 _g5 _lCCODEBUL1 _mBUL _q1 _r0 _sY _tBOOK _u2015-6-24 _xTEOLOGIA _PP35 _0COMPRA _o.STAFF. Colección General |
||
| 999 |
_a286.733 43 K79 _wDEWEY _c1 _iCW58692 _f2021-12-23 _g1 _lCCODECWL1 _mBWL _p6.00 _r1 _sY _tBOOK _u2015-6-24 _xWHITE _zUNKNOWN _0COMPRA _o.STAFF. Colección General |
||
| 980 |
_81 _gALBERTO SANCHEZ Responsable de Automatización |
||